000 00438nam a2200157 4500
001 14544
005 20230410143250.0
008 060907n1995 dr spa
035 _9funglode14667
041 _aES
050 1 4 _aLEWIS
245 0 _aSeminario taller sobre la dignidad y mision de la mujer
260 _aSanto Domingo :
_bConferencia Dominicana de Religiosos ( CONDOR ),
_c1995
300 _a66 p.
942 _2lcc
_cbk
999 _c98375
_d98375